[Event "PHzene19"]
[Site "Zagreb, Masarykova 22"]
[Date "2019.05.13"]
[Round "9.7"]
[White "Maroslavac, Ivana"]
[Black "Trgovac, Mira"]
[Result "1-0"]
[WhiteElo "1825"]
[BlackElo "1546"]
[PlyCount "109"]
[EventDate "2019.??.??"]

1. e4 e6 2. d4 d5 3. exd5 exd5 4. Bd3 Bd6 5. Nf3 Bg4 6. h3 Bh5 7. O-O Ne7 8.
Re1 O-O 9. Bxh7+ Kh8 10. Bd3 f6 11. c3 g5 12. g4 Bf7 13. Be3 Kg7 14. Qe2 Ng6
15. Bxg6 Bxg6 16. Kg2 Nd7 17. Nbd2 Rh8 18. Rh1 c6 19. h4 gxh4 20. Rxh4 Qe7 21.
Rah1 Bf4 22. Rxh8 Rxh8 23. Rxh8 Kxh8 24. Qe1 Bxe3 25. Qxe3 Qxe3 26. fxe3 Nf8
27. Kg3 Kg7 28. Nh4 Ne6 29. Nxg6 Kxg6 30. Nf3 Ng7 31. Nh4+ Kg5 32. Nf3+ Kg6 33.
Ne1 Ne6 34. Nd3 Kh6 35. Nf2 Ng5 36. Kf4 Kg6 37. a4 a5 38. b3 Ne6+ 39. Kg3 Ng5
40. c4 Kf7 41. Kg2 Ke6 42. Kf1 Kd6 43. Ke2 Ke6 44. Kd3 Kd6 45. e4 b6 46. Ke3
Ne6 47. Nd3 Nc7 48. c5+ bxc5 49. Nxc5 dxe4 50. Kxe4 Nd5 51. Nb7+ Kc7 52. Nxa5
Kb6 53. Nc4+ Ka6 54. Ne3 Ne7 55. d5 1-0

[Event "PHzene19"]
[Site "Zagreb, Masarykova 22"]
[Date "2019.05.13"]
[Round "9.8"]
[White "Vuljanic, Ana"]
[Black "Smetisko, Marija"]
[Result "0-1"]
[WhiteElo "1440"]
[BlackElo "1850"]
[PlyCount "66"]
[EventDate "2019.??.??"]

1. d4 Nf6 2. c4 g6 3. Nc3 d5 4. cxd5 Nxd5 5. e4 Nxc3 6. bxc3 Bg7 7. Be3 c5 8.
Qd2 O-O 9. Nf3 Nc6 10. d5 Qa5 11. Rc1 Rd8 12. h4 e6 13. Bg5 f6 14. Be3 Qa4 15.
Qc2 Qxc2 16. Rxc2 exd5 17. exd5 Na5 18. c4 b6 19. h5 Re8 20. hxg6 hxg6 21. Kd2
Kf7 22. Rc1 Ba6 23. Bd3 Rad8 24. Nh4 f5 25. g4 Bb2 26. Rcg1 Nxc4+ 27. Bxc4 Bxc4
28. Kc2 Bf6 29. gxf5 gxf5 30. Nxf5 Bxd5 31. Rh7+ Ke6 32. Ng7+ Bxg7 33. Rgxg7
Be4+ 0-1

[Event "PHzene19"]
[Site "Zagreb, Masarykova 22"]
[Date "2019.05.13"]
[Round "9.9"]
[White "Arnold, Dora"]
[Black "Purkic, Ruza"]
[Result "1-0"]
[WhiteElo "1482"]
[BlackElo "1443"]
[PlyCount "49"]
[EventDate "2019.??.??"]

1. e4 c5 2. Nf3 g6 3. c3 Bg7 4. d4 cxd4 5. cxd4 Nc6 6. Nc3 Nf6 7. d5 Na5 8. Bd2
b6 9. Rc1 O-O 10. Bd3 d6 11. h3 a6 12. Qe2 b5 13. b4 Nb7 14. O-O Bd7 15. Rc2 a5
16. bxa5 Nxa5 17. Nxb5 Rb8 18. Nc7 Nb7 19. Na6 Ra8 20. Be3 Qa5 21. Rb1 Nxe4 22.
Bxe4 Nd8 23. Nc7 Rc8 24. Bb6 Qa4 25. Rc4 1-0

[Event "PHzene19"]
[Site "Zagreb, Masarykova 22"]
[Date "2019.05.13"]
[Round "9.10"]
[White "Spilek, Kristina"]
[Black "Trgovac, Marta"]
[Result "1/2-1/2"]
[WhiteElo "1384"]
[BlackElo "1245"]
[PlyCount "101"]
[EventDate "2019.??.??"]

1. e4 c5 2. Nf3 d6 3. d4 cxd4 4. Nxd4 Nf6 5. Nc3 a6 6. Be2 e6 7. O-O Be7 8. Be3
O-O 9. Kh1 b5 10. a3 Bb7 11. Bf3 Qc7 12. Qe2 Nbd7 13. Nb3 Ne5 14. Nd2 Nxf3 15.
Qxf3 Rfd8 16. Qg3 Kh8 17. f3 Rac8 18. Qf2 Qd7 19. Rfd1 Qc6 20. Nb3 d5 21. Na5
Qd7 22. Nxb7 Qxb7 23. exd5 Nxd5 24. Nxd5 Rxd5 25. Rd2 Rxd2 26. Qxd2 Rd8 27. Qe2
Qd5 28. Rc1 h6 29. h3 Bf6 30. c3 Qe5 31. Rc2 Be7 32. Bd4 Qxe2 33. Rxe2 Kh7 34.
Re4 Bd6 35. Kg1 Re8 36. Kf1 f6 37. Re2 Rd8 38. Rxe6 Kg6 39. Re4 Kf7 40. Bb6 Rd7
41. Rd4 Ke8 42. Re4+ Re7 43. Rxe7+ Kxe7 44. Bd4 Ke6 45. Ke2 g6 46. Be3 h5 47.
Bd4 f5 48. Ke3 Kd5 49. Kd3 a5 50. Bb6 a4 51. Bd4 1/2-1/2